Agresión desde el espacio cultura y napalm en la era de los satélites
Salvato in:
| Autore principale: | |
|---|---|
| Natura: | Libro |
| Lingua: | Spanish |
| Pubblicazione: |
México, MX
Siglo XXI Editores
1972
|
| Edizione: | 5. edición |
| Soggetti: | |
| Tags: |
Aggiungi Tag
Nessun Tag, puoi essere il primo ad aggiungerne!!
|
MARC
| LEADER | 00000nam a22000007a 4500 | ||
|---|---|---|---|
| 003 | cru CIDCACS/IIS | ||
| 005 | 20200925161203.0 | ||
| 008 | 170127b1975 mx od||| |||| |0| ||spa d | ||
| 040 | |c CRAI/IIS |a CRAI/IIS | ||
| 090 | |a 08.16.01 M435 a | ||
| 100 | 1 | |9 1834 |a Mattelart, Armand | |
| 245 | 1 | 0 | |a Agresión desde el espacio |b cultura y napalm en la era de los satélites |c por Armand Mattelart |
| 250 | |a 5. edición | ||
| 260 | |a México, MX |b Siglo XXI Editores |c 1972 | ||
| 300 | |a 200 páginas | ||
| 500 | |a Colección Alforja | ||
| 650 | 1 | 0 | |9 1673 |a TELEVISION |
| 650 | 1 | 0 | |9 26 |a SOCIEDAD |
| 650 | 1 | 0 | |9 1698 |a TECNOLOGIA |
| 942 | |2 ddc |c LI | ||
| 999 | |c 18826 |d 18826 | ||
